La Première Guerre Mondiale - Statistiques

Statistiques générales
  • Ce quiz a été pris 570 fois
  • Le résultat moyen est 8 sur 15
Statistiques - réponses
Question Réponse % Correct
Année de commencement 1914
100%
En quelle année eue-elle lieu ? 1916
92%
Surnom des soldats français Les Poilus
89%
Bataille la plus meurtrière du conflit Verdun
86%
Cavités servant à se protéger de l'ennemi et où vivaient les soldats Tranchées
85%
Avec l'Allemagne et l'Autriche-Hongrie,ce pays constituait la « Triple Alliance ». Italie
79%
Pays formant la « Triple-Entente » avec la France et le Royaume-Uni. Russie
79%
Date de signature de l'armistice,mettant un arrêt définitif aux combats. 11 Novembre 1918
63%
Souverain allemand durant la guerre Guillaume II
32%
Président français durant la guerre Raymond Poincaré
32%
Général et Maréchal français également très célèbre,il s'illustre comme généralissime des forces alliées sur le front de l'Ouest durant la Première Guerre mondiale en 1918. Ferdinand Foch
26%
Célèbre Général et Maréchal français,il s'illustre notamment comme généralissime des armées françaises entre 1914 et 1916. Joseph Joffre
15%
As français de l'aviation,cumulant près de 80 victoires homologuées. Georges Guynemer
8%
Soldat français le plus décoré de cette guerre, ayant été blessé neuf fois et ayant capturé un total de quelque 1 180 soldats allemands. Albert Roche
5%
Aviateur allemand surnommé « Le Baron Rouge », devenu une légende de l'aviation de la Première Guerre mondiale. Von Richthofen
5%
Aucun quiz correspondant
Distribution des résultats
% des personnes avec chaque résultat
Percentile par nombre de réponses
Votre historique - résultats
Vous n’avez pas pris ce quiz